[Event "European Women Championship-2011"]
[Site "?"]
[Date "2011.05.09"]
[Round "3"]
[White "Skrabakova Katarina"]
[Black "Fakhiridou Ekaterini"]
[Result "0-1"]
[WhiteElo "2071"]
[BlackElo "2225"]
[PlyCount "68"]
[EventDate "2011.??.??"]

1. e4 c5 2. Nf3 d6 3. d4 cxd4 4. Nxd4 Nf6 5. Nc3 a6 6. Be2 e5 7. Nb3 Be7 8. O-O
O-O 9. Bc4 Nbd7 10. Be3 Nb6 11. Bxb6 Qxb6 12. Nd5 Nxd5 13. Bxd5 Be6 14. Rb1
Rac8 15. c3 Qb5 16. c4 Qa4 17. Bxb7 Rxc4 18. Nd2 Qxd1 19. Rbxd1 Ra4 20. a3 Rb8
21. Bc6 Ra5 22. Bd5 Bxd5 23. exd5 Rxd5 24. Nc4 Rxd1 25. Rxd1 Rc8 26. Ne3 Bf8
27. h3 g6 28. Nd5 f5 29. f3 Kf7 30. Nb4 a5 31. Nd5 Bh6 32. Kf2 Rc1 33. Rd3 Ke6
34. b4 e4 0-1

[Event "European Women Championship-2011"]
[Site "?"]
[Date "2011.05.09"]
[Round "3"]
[White "Abdulla Khayala"]
[Black "Shamatava Ana"]
[Result "1-0"]
[WhiteElo "2168"]
[BlackElo "1917"]
[PlyCount "101"]
[EventDate "2011.??.??"]

1. e4 c5 2. Nf3 Nc6 3. d4 cxd4 4. Nxd4 e5 5. Nb5 d6 6. N1c3 a6 7. Na3 b5 8. Nd5
Nce7 9. Bg5 h6 10. Be3 Nxd5 11. Qxd5 Be6 12. Qd2 Nf6 13. f3 Rc8 14. c3 Be7 15.
Nc2 d5 16. a4 O-O 17. axb5 axb5 18. Rd1 Qa5 19. exd5 Nxd5 20. Bd3 Nxe3 21. Qxe3
Qa2 22. Qe4 f5 23. Qxe5 Bh4+ 24. g3 Bf6 25. Qe2 Bb3 26. O-O Qxb2 27. Bxf5 Rc5
28. Rb1 Qa2 29. Rxb3 Rxf5 30. Ra3 Qd5 31. Kg2 Re5 32. Qf2 Be7 33. Nb4 Qe6 34.
Ra6 Qc4 35. Re1 Bc5 36. Qd2 Ref5 37. f4 Kh8 38. Rae6 Bxb4 39. cxb4 Rd5 40. Qb2
Rd3 41. Qe5 Rd2+ 42. Kh3 Qc8 43. Qxb5 Qa8 44. R1e2 Rxe2 45. Qxe2 Qb7 46. b5 Rf5
47. b6 Qd7 48. Kg2 h5 49. Re8+ Kh7 50. Qe4 Qd2+ 51. Kh3 1-0

[Event "European Women Championship-2011"]
[Site "?"]
[Date "2011.05.09"]
[Round "3"]
[White "Kakutia Ada	"]
[Black "Khazhomia Salome"]
[Result "1-0"]
[WhiteElo "1727"]
[BlackElo "2152"]
[PlyCount "97"]
[EventDate "2011.??.??"]

1. e4 c6 2. d4 d5 3. e5 Bf5 4. Nc3 e6 5. g4 Bg6 6. Nge2 h6 7. Nf4 Bh7 8. Bd3
Bxd3 9. Qxd3 Na6 10. a3 c5 11. Be3 c4 12. Qd2 Qb6 13. O-O-O O-O-O 14. Nfe2 Ne7
15. f4 Nc6 16. f5 Nc7 17. Nf4 Qa6 18. Nb1 b5 19. Rdf1 exf5 20. gxf5 b4 21. axb4
Bxb4 22. c3 Na5 23. Qc2 Nb3+ 24. Kd1 Na1 25. Qc1 Qa4+ 26. Ke2 Nb3 27. Qd1 Be7
28. Nd2 a5 29. Nxb3 cxb3 30. Qd3 Qc6 31. Nh5 Bg5 32. Nxg7 f6 33. e6 Rdg8 34.
Nh5 Bxe3 35. Kxe3 Rg2 36. Rf2 Rhg8 37. Nxf6 Rxf2 38. Nxg8 Qe8 39. Kxf2 Qxg8 40.
Qg3 Qf8 41. Qg6 a4 42. Qf7 Qd6 43. Ke3 Kb8 44. e7 Qc6 45. Rg1 a3 46. Rg8+ Kb7
47. e8=Q Qxe8+ 48. Rxe8 axb2 49. Re7 1-0

[Event "European Women Championship-2011"]
[Site "?"]
[Date "2011.05.09"]
[Round "3"]
[White "Motycakova Monika"]
[Black "Choladze Mariam"]
[Result "1/2-1/2"]
[WhiteElo "2107"]
[BlackElo "1818"]
[PlyCount "52"]
[EventDate "2011.??.??"]

1. e4 c5 2. Nf3 d6 3. c3 Nf6 4. Bd3 Nc6 5. Bc2 Bg4 6. d3 Bxf3 7. Qxf3 g6 8. O-O
Bg7 9. Qe2 O-O 10. f4 Nd7 11. Nd2 b5 12. a3 a5 13. Nf3 b4 14. Bd2 Qb6 15. Qf2
Rac8 16. Rab1 Qa6 17. Qe3 Qa7 18. Ba4 Qb7 19. f5 Nce5 20. Bb3 c4 21. dxc4 Nxc4
22. Bxc4 Rxc4 23. Rfe1 bxa3 24. bxa3 Qc7 25. Nd4 Ne5 26. Rb5 Nc6 1/2-1/2

[Event "European Women Championship-2011"]
[Site "?"]
[Date "2011.05.09"]
[Round "3"]
[White "Houska Jovanka"]
[Black "Unapkoshvili Nani"]
[Result "1-0"]
[WhiteElo "2429"]
[BlackElo "1970"]
[PlyCount "177"]
[EventDate "2011.??.??"]

1. d4 d5 2. Nf3 Nf6 3. c4 e6 4. Bg5 Be7 5. e3 h6 6. Bh4 O-O 7. Nc3 Nbd7 8. Qc2
c5 9. cxd5 Nxd5 10. Bxe7 Qxe7 11. Nxd5 exd5 12. dxc5 Nxc5 13. Be2 Bg4 14. O-O
Rfd8 15. Rfd1 Rac8 16. h3 Bh5 17. Rac1 Bg6 18. Qc3 Kh7 19. Qa3 a6 20. Rc3 b6
21. Rdc1 a5 22. Nd4 Qf6 23. Bf3 Be4 24. Be2 Bg6 25. Bg4 Ra8 26. Bf3 Be4 27.
Bxe4+ dxe4 28. Rc4 Rac8 29. Qc3 Rd5 30. Qc2 Qg6 31. Ne2 Rg5 32. Nf4 Qf5 33.
Rxe4 Nxe4 34. Qxc8 Qxc8 35. Rxc8 Rb5 36. Rc2 g5 37. Ne2 Rd5 38. Nd4 Nc5 39. g4
Kg6 40. b3 h5 41. a3 hxg4 42. hxg4 Rd6 43. Kg2 Rf6 44. Rc4 Rd6 45. Kf1 Rf6 46.
Ke2 Rd6 47. b4 axb4 48. axb4 Nd7 49. Nf5 Re6 50. Rc7 Ne5 51. f3 Kf6 52. b5 Ng6
53. Nd4 Rd6 54. Rb7 Ne5 55. Kf2 Nc4 56. Rc7 Ne5 57. Kg3 Nd3 58. Nf5 Re6 59. Rd7
Ne5 60. Rd8 Ng6 61. e4 Re5 62. Rd1 Re6 63. Rd8 Re5 64. Rc8 Rxb5 65. Rc6+ Ke5
66. Nd6 Ne7 67. Nxf7+ Kd4 68. Re6 Nc8 69. e5 Rb1 70. Nxg5 b5 71. Re8 Rc1 72. e6
Rc7 73. Rd8+ Ke5 74. f4+ Kf6 75. Rd5 b4 76. Rb5 Rc4 77. Rf5+ Ke7 78. Rf7+ Kd8
79. Rb7 Nd6 80. Rb8+ Ke7 81. f5 Rc3+ 82. Kh4 b3 83. Kh5 Kf6 84. Nh7+ Ke7 85.
Kg6 Rg3 86. Nf6 Nc4 87. Rb7+ Kd6 88. e7 Ne5+ 89. Kg7 1-0

[Event "European Women Championship-2011"]
[Site "?"]
[Date "2011.05.09"]
[Round "3"]
[White "Girya Olga"]
[Black "Asgarova Turan"]
[Result "1/2-1/2"]
[WhiteElo "2394"]
[BlackElo "1957"]
[PlyCount "80"]
[EventDate "2011.??.??"]

1. d4 Nf6 2. c4 g6 3. Nc3 Bg7 4. e4 d6 5. Nf3 O-O 6. h3 Nc6 7. d5 Nb8 8. Be3 c6
9. Be2 Nbd7 10. O-O cxd5 11. cxd5 Nc5 12. Qc2 a5 13. Rad1 b6 14. Nd4 Bb7 15.
Nc6 Qc7 16. e5 Ne8 17. Nb5 Qd7 18. exd6 exd6 19. Bf4 f5 20. Rfe1 Rc8 21. Nba7
Rc7 22. Bc4 Bf6 23. Nb5 Rc8 24. Rxe8 Rcxe8 25. Nxd6 Ra8 26. Nxb7 Qxb7 27. a4
Kh8 28. Be5 Qg7 29. Bxf6 Qxf6 30. b3 Rfe8 31. d6 Nd7 32. Qd2 Rac8 33. Qd5 Re4
34. Ne7 Rd8 35. Bb5 Nc5 36. Nc6 Rd7 37. Nb8 Rd8 38. Nc6 Rd7 39. Nb8 Rd8 40. Nc6
Rd7 1/2-1/2

[Event "European Women Championship-2011"]
[Site "?"]
[Date "2011.05.09"]
[Round "3"]
[White "Foisor Mihaela-Veronica"]
[Black "Soyunlu Narmin"]
[Result "1-0"]
[WhiteElo "2220"]
[BlackElo "1884"]
[PlyCount "99"]
[EventDate "2011.??.??"]

1. d4 e6 2. c4 Nf6 3. Nc3 Bb4 4. e3 O-O 5. Bd3 d5 6. a3 Bxc3+ 7. bxc3 dxc4 8.
Bxc4 c5 9. Nf3 Qc7 10. Qc2 Nbd7 11. O-O b6 12. Bb2 Bb7 13. Bd3 c4 14. Be2 Be4
15. Qd1 Ng4 16. h3 Bxf3 17. hxg4 Bb7 18. Bf3 b5 19. a4 a6 20. Ba3 Rfb8 21. a5
Re8 22. Bxb7 Qxb7 23. Qf3 Qc7 24. Bb4 e5 25. Rad1 Rad8 26. g5 e4 27. Qf4 Qxf4
28. exf4 f5 29. Rfe1 Nb8 30. d5 Kf7 31. Rd4 Nd7 32. g4 g6 33. Re3 Rc8 34. gxf5
gxf5 35. Rh3 Kg7 36. Rh6 Ra8 37. Re6 Kf7 38. Rd6 Red8 39. Kg2 Kg7 40. Kf1 Kf7
41. Ke2 Kg7 42. Ke3 Kf7 43. Rd2 Kg8 44. Rd1 Kg7 45. Rh1 Nf8 46. Rxd8 Rxd8 47.
Bxf8+ Rxf8 48. Rh6 Rb8 49. Rxa6 b4 50. Rb6 1-0

[Event "European Women Championship-2011"]
[Site "?"]
[Date "2011.05.09"]
[Round "3"]
[White "Khmiadashvili Tamar"]
[Black "Khomeriki Nino"]
[Result "1-0"]
[WhiteElo "2204"]
[BlackElo "1832"]
[PlyCount "109"]
[EventDate "2011.??.??"]

1. Nf3 b6 2. b3 e6 3. Bb2 Bb7 4. e3 Nf6 5. a3 c5 6. c4 Nc6 7. d3 d5 8. Nbd2 Bd6
9. cxd5 exd5 10. d4 cxd4 11. Nxd4 O-O 12. Nxc6 Bxc6 13. Nf3 Ne4 14. b4 Qe7 15.
Qd4 f6 16. Ba6 Rae8 17. O-O Qd7 18. Qd3 Rd8 19. Rac1 Bb8 20. Nd4 Qd6 21. f4 Ba8
22. Rc2 g5 23. Qe2 f5 24. Qh5 Rde8 25. Bb5 Re7 26. Bc6 Bb7 27. Bxb7 Rxb7 28.
fxg5 Qg6 29. Qxg6+ hxg6 30. Rc6 Nd6 31. Nf3 Rc8 32. Rfc1 Rbc7 33. Rxc7 Rxc7 34.
Rd1 Re7 35. Rxd5 Nc4 36. Rd8+ Kf7 37. Bf6 Re8 38. Rd7+ Ke6 39. Rd3 Bd6 40. Kf2
Kd7 41. h4 Kc8 42. Rc3 b5 43. Nd2 Kb7 44. Nxc4 bxc4 45. Rxc4 Kb6 46. Kf3 Kb5
47. Rd4 Re6 48. h5 gxh5 49. Rd5+ Kc4 50. Rxf5 Kb3 51. Ra5 Bb8 52. e4 Rb6 53. e5
a6 54. g6 Bxe5 55. Bxe5 1-0

[Event "European Women Championship-2011"]
[Site "?"]
[Date "2011.05.09"]
[Round "3"]
[White "Jalabadze Natia"]
[Black "Gumberidze Nino"]
[Result "1-0"]
[WhiteElo "2052"]
[BlackElo "1664"]
[PlyCount "71"]
[EventDate "2011.??.??"]

1. e4 Nf6 2. e5 Nd5 3. d4 d6 4. c4 Nb6 5. exd6 exd6 6. Nc3 Be7 7. Be3 Nc6 8.
Qf3 Bf6 9. O-O-O Qe7 10. Ne4 Nd7 11. Ne2 Nb4 12. a3 Nc6 13. N2c3 Nb6 14. c5
dxc5 15. Nxf6+ Qxf6 16. Qxf6 gxf6 17. dxc5 Nd7 18. Nd5 O-O 19. Nxc7 Rb8 20. Bh6
Rd8 21. Rd3 Nde5 22. Rg3+ Ng6 23. h4 Nd4 24. h5 Nf5 25. hxg6 Nxg3 26. gxf7+
Kxf7 27. Bc4+ Kg6 28. fxg3 Bg4 29. Nd5 Bh5 30. Bf4 Rxd5 31. Bxd5 Rc8 32. Be4+
f5 33. Bxf5+ Kxf5 34. Rxh5+ Kg6 35. Rd5 b6 36. b4 1-0

[Event "European Women Championship-2011"]
[Site "?"]
[Date "2011.05.09"]
[Round "3"]
[White "Edes Zsofia"]
[Black "Jalaghonia Nino"]
[Result "1-0"]
[WhiteElo "2043"]
[BlackElo "1562"]
[PlyCount "73"]
[EventDate "2011.??.??"]

1. d4 d5 2. c4 e6 3. Nc3 Nf6 4. Bg5 Nbd7 5. cxd5 exd5 6. e3 c6 7. Bd3 Be7 8.
Nge2 O-O 9. O-O Re8 10. Qc2 Nf8 11. Rad1 Bg4 12. f3 Bh5 13. e4 dxe4 14. fxe4
Ne6 15. Bxf6 Bxf6 16. e5 Bg5 17. Bxh7+ Kh8 18. Kh1 Qc7 19. Bf5 Rad8 20. Ne4 Bh6
21. Nd6 Rxd6 22. exd6 Qxd6 23. Rde1 g6 24. Ng3 Rg8 25. Bxe6 fxe6 26. Nxh5 gxh5
27. Qe4 Qd5 28. Rf7 Qxe4 29. Rxe4 b6 30. Rxe6 Bg7 31. Ree7 a5 32. h3 Kh7 33.
Rc7 Kg6 34. Rfd7 h4 35. Rxc6+ Kf5 36. Rxb6 Kf4 37. Rg6 1-0

[Event "European Women Championship-2011"]
[Site "?"]
[Date "2011.05.09"]
[Round "3"]
[White "Boyard Marie"]
[Black "Mumladze Maia"]
[Result "1-0"]
[WhiteElo "1989"]
[BlackElo "1517"]
[PlyCount "49"]
[EventDate "2011.??.??"]

1. e4 c6 2. Nc3 d5 3. Nf3 dxe4 4. Nxe4 Nd7 5. d4 Ngf6 6. Nxf6+ Nxf6 7. c3 Bf5
8. Ne5 e6 9. g4 Qd5 10. Rg1 Qe4+ 11. Be2 Bg6 12. h4 h5 13. f3 Qc2 14. Nxg6 Qxg6
15. Bd3 Ne4 16. Bxe4 f5 17. Bd3 hxg4 18. Bg5 gxf3 19. Qxf3 Be7 20. O-O-O Bxg5+
21. Rxg5 Qf6 22. Qf4 O-O-O 23. Re1 c5 24. Rxe6 Qf7 25. Bxf5 1-0

[Event "European Women Championship-2011"]
[Site "?"]
[Date "2011.05.09"]
[Round "3"]
[White "Javakhishvili Mariam"]
[Black "Kobeshavidze Lika"]
[Result "1-0"]
[WhiteElo "1491"]
[BlackElo "1988"]
[PlyCount "72"]
[EventDate "2011.??.??"]

1. e4 c6 2. d4 g6 3. e5 d5 4. c3 Bg7 5. Be3 Qb6 6. Qb3 Nh6 7. f4 Nf5 8. Bf2 h5
9. Nd2 Qc7 10. g3 Nd7 11. Ngf3 e6 12. Bd3 b6 13. O-O c5 14. Qd1 Bb7 15. Qe2 Nh6
16. h3 Nf5 17. Rac1 c4 18. Bb1 Bf8 19. Be1 Be7 20. Bxf5 gxf5 21. b3 h4 22. gxh4
O-O-O 23. bxc4 Rdg8+ 24. Kh2 dxc4 25. Nxc4 Kb8 26. Ne3 Qc6 27. Ng5 f6 28. exf6
Nxf6 29. Rg1 Bd6 30. Rf1 Bxf4+ 31. Bg3 Bxg3+ 32. Kxg3 Ne4+ 33. Kh2 Qd6+ 34. Kg1
Nxg5 35. hxg5 Rxg5+ 36. Kf2 Qg3# 1-0

[Event "European Women Championship-2011"]
[Site "?"]
[Date "2011.05.09"]
[Round "3"]
[White "Tedoshvili Ana"]
[Black "Kuchava Ana"]
[Result "0-1"]
[WhiteElo "1469"]
[BlackElo "1973"]
[PlyCount "66"]
[EventDate "2011.??.??"]

1. d4 d5 2. c4 e6 3. a3 c6 4. Bf4 dxc4 5. e4 Nf6 6. Nc3 b5 7. Bg5 Be7 8. Bxf6
Bxf6 9. e5 Be7 10. a4 b4 11. Ne4 Ba6 12. Rc1 Qd5 13. f3 O-O 14. Ne2 Rd8 15. Qc2
c5 16. dxc5 Qxe5 17. f4 Qc7 18. g3 f5 19. Nd2 b3 20. Qc3 Rd3 21. Qe5 Qd7 22.
Nd4 Rxd4 23. Bg2 Nc6 24. Bxc6 Qxc6 25. Qxd4 Qxh1+ 26. Nf1 Qd5 27. Qc3 Rd8 28.
Ne3 Qxc5 29. Kf2 Bf6 30. Qe1 Bxb2 31. Rb1 Bd4 32. Kf3 Bxe3 33. Qxe3 Rd3 0-1